[Event "Mecklenburg VP-ch U16"]
[White "Troemer, Felix"]
[Black "Fromm, Johannes"]
[Site "Malchow"]
[Round "1.6"]
[Result "1-0"]
[Date "2015.02.??"]
[WhiteElo "1454"]
[BlackElo "1454"]
[PlyCount "91"]
[EventDate "2015.02.04"]
[EventType "swiss"]
[EventRounds "7"]
[EventCountry "GER"]
[SourceTitle "EXT 2022"]
[Source "ChessBase"]
[SourceDate "2021.10.06"]
[SourceVersion "1"]
[SourceVersionDate "2021.10.06"]
[SourceQuality "1"]

1. e4 c6 2. d4 d5 3. e5 Bf5 4. Nf3 e6 5. Be2 Nd7 6. Nbd2 Be7 7. Nf1 Bg4 8. Ng3 f6 9. exf6 Ngxf6 10. h3 Bxf3 11. Bxf3 Bd6 12. Nh5 0-0 13. Bg5 h6 14. Nxf6+ Nxf6 15. Be3 Qc7 16. 0-0 e5 17. dxe5 Bxe5 18. c3 a6 19. Qb3 b5 20. Rfe1 Nd7 21. Rad1 a5 22. a4 Rab8 23. axb5 Rxb5 24. Qa2 Kh8 25. Be2 Rbb8 26. Bg4 Nf6 27. Bf3 Bd6 28. Bd4 Be7 29. Re6 Ra8 30. Rde1 Rf7 31. Qa4 Bd6 32. c4 Bb4 33. R1e2 Rc8 34. Bh5 Rff8 35. c5 Kg8 36. Re7 Qb8 37. Bg6 Rc7 38. Qc2 Rxe7 39. Rxe7 Qd8 40. Qe2 a4 41. Qe6+ Kh8 42. Bxf6 Rxf6 43. Re8+ Rf8 44. Rxd8 Rxd8 45. Qxc6 d4 46. Qb6 1-0

[Event "Magdeburg op-B"]
[White "Troemer, Felix"]
[Black "Von Jan, Lena"]
[Site "Magdeburg"]
[Round "6"]
[Result "1/2-1/2"]
[Date "2014.06.11"]
[WhiteElo "1438"]
[BlackElo "1322"]
[PlyCount "95"]
[EventDate "2014.06.08"]
[EventType "swiss"]
[EventRounds "9"]
[EventCountry "GER"]
[SourceTitle "CBM 160 Extra"]
[Source "ChessBase"]
[SourceDate "2014.07.01"]
[SourceVersion "1"]
[SourceVersionDate "2014.07.01"]
[SourceQuality "1"]

1. e4 e5 2. Nf3 Nc6 3. Nc3 Nf6 4. Bb5 a6 5. Bxc6 dxc6 6. d3 Bd6 7. 0-0 0-0 8. Bg5 Re8 9. Ne2 Bg4 10. Ng3 h6 11. Bd2 Qe7 12. h3 Be6 13. Bc3 Bd7 14. Qe1 Rab8 15. Qe3 Ra8 16. Bd2 Bc5 17. Qe2 Rac8 18. Be3 Bd6 19. Rad1 c5 20. Bc1 b6 21. Nh4 Bc6 22. Nhf5 Qd7 23. Nh5 Nxh5 24. Qxh5 Qe6 25. Qg4 Qg6 26. Qf3 Bd7 27. Nh4 Qe6 28. Qg3 Kh8 29. Nf5 Qg6 30. Nxd6 cxd6 31. Qxg6 fxg6 32. f4 Kg8 33. fxe5 Rxe5 34. Rf3 Re6 35. Rdf1 Rce8 36. Rf7 R6e7 37. Rxe7 Rxe7 38. Bf4 Re6 39. b3 b5 40. Bd2 Bc6 41. Re1 g5 42. a3 Re8 43. Ba5 Kh7 44. Bb6 Bd7 45. Ba5 g4 46. hxg4 Bxg4 47. Bc3 Kg8 48. Bd2 1/2-1/2